• 首页
  • 本馆介绍
  • 公告通知
  • 最新文献
  • 馆藏检索
  • 电子资源
  • 读者导购
  • 参考咨询
  • 我的图书馆
  • 登录
  • 详细信息显示
  • 放入我的书架
  • 预约/预借图书
  • 作者相关作品
  • 分类相关作品
  • 丛书相关作品
  • 出版社相关作品

书目信息

  • 表格格式
  • 工作单格式
  • 卡片格式
题名:
Windows Linux 和 NetWare 混合组网标准教程
    
 
作者: 田浩,葛秀慧编著
分册:  
出版信息: 北京   人民邮电出版社  2002.11
页数: 285页
开本: 26cm
丛书名:
单 册:
中图分类: TP316.81
科图分类:
主题词: 软件
电子资源:
ISBN: 7-115-10696-7
000 00528Pam2 2200193 45
001 JMS0003679
005 20070729100544.12
010    @a7-115-10696-7@dCNY28.00
100    @a20030410d2002 ekmy1chiy0120 ea
101 0  @achi
102    @aCN@b110000
200  1 @aWindows Linux 和 NetWare 混合组网标准教程@f田浩,葛秀慧编著
210    @a北京@c人民邮电出版社@d2002.11
215    @a285页@d26cm
300    @a21世纪网络基础培训教程系列
606 0  @a软件
690    @aTP316.81@v3
801  0 @bTSSF@c20070729
905    @a10447@dTP316.81@e126
    
    Windows Linux 和 NetWare 混合组网标准教程/田浩,葛秀慧编著.-北京:人民邮电出版社,2002.11
    285页;26cm
    21世纪网络基础培训教程系列
    
    ISBN 7-115-10696-7:CNY28.00
    
●
相关链接 在E读中查询图书 在五车中查询图书 在当当中查询图书 在豆瓣中查询图书


正题名:Windows Linux 和 NetWare 混合组网标准教程     索取号:TP316.81/126         预约/预借

序号 登录号 条形码 馆藏地/架位号 状态 备注
1 0784877   207848775   第三借阅区/ [索取号:TP316.81/126] 在馆    
2 0785267   207852670   第二样本阅览室/ [索取号:TP316.81/126] 在馆    
3 0785268   207852689   第三借阅区/ [索取号:TP316.81/126] 在馆    
4 0785269   207852698   第三借阅区/ [索取号:TP316.81/126] 在馆    
5 0785270   207852705   第三借阅区/ [索取号:TP316.81/126] 在馆    
唐山师范学院图书馆 欢迎您!
大连网信软件有限公司© 版权所有